000108849 001__ 108849
000108849 005__ 20211216104756.0
000108849 037__ $$aTAZ-TFG-2021-3852
000108849 041__ $$aspa
000108849 1001_ $$aParaíso Sánchez, Adrián.
000108849 24200 $$aPrevention of childhood obesity and overweight: assessment of habits in Primary Education.
000108849 24500 $$aPrevención de la obesidad y sobrepeso infantil: valoración de hábitos en Educación Primaria.
000108849 260__ $$aZaragoza$$bUniversidad de Zaragoza$$c2021
000108849 506__ $$aby-nc-sa$$bCreative Commons$$c3.0$$uhttp://creativecommons.org/licenses/by-nc-sa/3.0/
000108849 520__ $$aNos encontramos en un mundo donde la obesidad y el sobrepeso están cambiando la vida de las personas jóvenes. Estas enfermedades, en continuo aumento, son un factor de riesgo para la salud, no solo de los adultos, sino también de las personas en edad infantil. Por tanto, se ha llevado a cabo una investigación en algunos colegios de la ciudad de Huesca a través de unas encuestas. Con esto, se pretende ver la relación que existe entre la obesidad y el sobrepeso con la inactividad física, así como comparar tanto el sexo masculino como el femenino a la hora de realizar actividad física. Por ello, se puede comprobar cómo aún existe una subcultura de deportes masculinos y femeninos teniendo una relación para la práctica de menos actividad física. Entre todos deberíamos darnos cuenta de la importancia que requiere el movimiento físico para las personas y dejar a un lado todo tipo de estereotipos que puedan fomentar la aparición de graves enfermedades.<br /><br />
000108849 521__ $$aGraduado en Magisterio en Educación Primaria
000108849 540__ $$aDerechos regulados por licencia Creative Commons
000108849 700__ $$aCastellar Otín, Carlos.$$edir.
000108849 7102_ $$aUniversidad de Zaragoza$$b $$c
000108849 8560_ $$f717850@unizar.es
000108849 8564_ $$s1175702$$uhttps://zaguan.unizar.es/record/108849/files/TAZ-TFG-2021-3852.pdf$$yMemoria (spa)
000108849 909CO $$ooai:zaguan.unizar.es:108849$$pdriver$$ptrabajos-fin-grado
000108849 950__ $$a
000108849 951__ $$adeposita:2021-12-16
000108849 980__ $$aTAZ$$bTFG$$cFCHE
000108849 999__ $$a20210922114118.CREATION_DATE